00373nam a2200145Ia 4500008004100000020001500041041001200056082001600068100001900084245007200103250000800175260002200183300000800205650001400213221030s9999 xx 000 0 und d a0071240837 aEnglish a105.23bPre aR. S. Pressman 0aSoftware Engineering : A Practitioner`s Approachcby R. S. Pressman a6th bTMHaBostonc2005 a912 aComputers